| 000 | 00392nam a2200133Ia 4500 | ||
|---|---|---|---|
| 005 | 20260328101515.0 | ||
| 008 | 260328s9999||||xx |||||||||||||| ||und|| | ||
| 100 | _aArchitectural Record | ||
| 245 | 0 |
_aTime saver standards : _b A Manual of essential Architectural data / _cArchitectural Record |
|
| 260 | _bDodge Corporation | ||
| 300 | _a884 p. | ||
| 650 | _aMEDIDAS Y DIMENSIONES | ||
| 942 | _cBK | ||
| 999 |
_c9354 _d9354 |
||